00978nam a2200241 a 4500001001000000003000500010005001700015008004100032010001100073011001100084040000900095100002700104245023200131260004100363500006000404502006900464650001400533650003000547650002700577650003100604700003100635856007000666000113496CHAP20220329144357.0170725s2016 mx a fsm |||||||spa d a109957 a110929 cCHAP1 aFlores Flores, Roberto10aGuía de densidad para Pinus montezumae, Lamb., Pinus patula Schl. et Cham. y Pinus pseudostrobus Lindl,. en la región Chignahuapan - Zacatlán, Puebla /h[En línea]cpor Roberto Flores Flores y Marcelino Martínez Cruz. aChapingo, Méx. :bEl autor,c2016. aPara ver el contenido del material haga clic en la liga aTesis (Ing. Forestal) -- UACH. División de Ciencias Forestales14aAclareos.14aÁrbolesxEspaciamiento.14aÁrbolesxMedición.14aBosquesxAdministración.1 aMartínez Cruz, Marcelino aFinding aiduhttp://10.13.5.2/tesis/sist113496.pdfzTeclea aquí